[Event "Girona Gerunda op"]
[Site "Girona"]
[Date "2018.10.23"]
[Round "5"]
[White "Gimenez Pau, Daniel"]
[Black "Garcia Castany, Josep"]
[Result "1/2-1/2"]
[WhiteElo "1825"]
[BlackElo "1650"]
[PlyCount "53"]
[EventDate "2018.09.25"]
[EventType "swiss"]
[EventRounds "9"]
[EventCountry "ESP"]
[SourceTitle "EXT 2020"]
[Source "ChessBase"]
[SourceDate "2019.10.17"]
[SourceVersion "1"]
[SourceVersionDate "2019.10.17"]
[SourceQuality "1"]

1. d4 d5 2. c4 Nf6 3. cxd5 Qxd5 4. Nc3 Qd8 5. e4 e6 6. Bd3 Be7 7. Nge2 b6 8. 0-0 0-0 9. Bf4 a6 10. Bg3 Bb7 11. e5 Nh5 12. Nf4 Nxf4 13. Bxf4 Bg5 14. Qh5 h6 15. Bxg5 Qxg5 16. Qxg5 hxg5 17. f4 gxf4 18. Rxf4 Nd7 19. Rh4 g6 20. Rf1 Kg7 21. Rh3 Rh8 22. Rg3 Rh6 23. Be4 c6 24. Nd1 f6 25. exf6+ Nxf6 26. Rgf3 g5 27. Nc3 1/2-1/2